Welcome to CU Library Online Public Access Catalogue (OPAC)

Cecil medicine / (Record no. 3234)

MARC details
000 -LEADER
fixed length control field 01031cam a22003134a 4500
001 - CONTROL NUMBER
control field 14385445
005 - DATE AND TIME OF LATEST TRANSACTION
control field 20250129191823.0
008 - FIXED-LENGTH DATA ELEMENTS--GENERAL INFORMATION
fixed length control field 060522s2008 pauab b 001 0 eng
020 ## - INTERNATIONAL STANDARD BOOK NUMBER
International Standard Book Number 1416028056
020 ## - INTERNATIONAL STANDARD BOOK NUMBER
International Standard Book Number 9781416028055
020 ## - INTERNATIONAL STANDARD BOOK NUMBER
International Standard Book Number 9781416044789 (Premium ed.)
020 ## - INTERNATIONAL STANDARD BOOK NUMBER
International Standard Book Number 1416044787 (Premium ed.)
020 ## - INTERNATIONAL STANDARD BOOK NUMBER
International Standard Book Number 9780808923770 (International ed.)
020 ## - INTERNATIONAL STANDARD BOOK NUMBER
International Standard Book Number 0808923773 (International ed.)
050 00 - LIBRARY OF CONGRESS CALL NUMBER
Classification number RC46
Item number .C423 2008
082 00 - DEWEY DECIMAL CLASSIFICATION NUMBER
Classification number 616
Edition information 22
245 00 - TITLE STATEMENT
Title Cecil medicine /
Statement of responsibility, etc. edited by Lee Goldman, Dennis Ausiello.
250 ## - EDITION STATEMENT
Edition statement 23rd ed.
260 ## - PUBLICATION, DISTRIBUTION, ETC.
Place of publication, distribution, etc. Philadelphia :
Name of publisher, distributor, etc. Saunders Elsevier,
Date of publication, distribution, etc. c2008.
300 ## - PHYSICAL DESCRIPTION
Extent xxxiii, 3078 p. :
Other physical details ill. (some col.), maps (some col.) ;
Dimensions 30 cm.
500 ## - GENERAL NOTE
General note "An Expert Consult title"--Cover.
500 ## - GENERAL NOTE
General note Rev. ed. of: Cecil textbook of medicine.
650 #0 - SUBJECT ADDED ENTRY--TOPICAL TERM
Topical term or geographic name entry element Internal medicine.
650 12 - SUBJECT ADDED ENTRY--TOPICAL TERM
Topical term or geographic name entry element Medicine.
700 1# - ADDED ENTRY--PERSONAL NAME
Personal name Cecil, Russell L.
Fuller form of name (Russell La Fayette),
Dates associated with a name 1881-1965.
700 1# - ADDED ENTRY--PERSONAL NAME
Personal name Goldman, Lee,
Titles and other words associated with a name MD.
700 1# - ADDED ENTRY--PERSONAL NAME
Personal name Ausiello, D. A.
942 ## - ADDED ENTRY ELEMENTS (KOHA)
Source of classification or shelving scheme Library of Congress Classification
Koha item type Books
Edition 23rd ed.
Suppress in OPAC No
999 ## -
-- 3234
-- 3234
Holdings
Withdrawn status Lost status Source of classification or shelving scheme Damaged status Not for loan Collection Home library Current library Shelving location Date acquired Total checkouts Full call number Barcode Date last seen Copy number Price effective from Koha item type
    Library of Congress Classification     Non-fiction Science Library (Miotso) Science Library (Miotso) General stacks 01/29/2025   RC46 .C423 CEC SLM00002595 01/29/2025 1 01/29/2025 Books
    Library of Congress Classification     Non-fiction Science Library (Miotso) Science Library (Miotso) General stacks 01/29/2025   RC46 .C423 CEC SLM00002596 01/29/2025 2 01/29/2025 Books
    Library of Congress Classification     Non-fiction Science Library (Miotso) Science Library (Miotso) General stacks 01/29/2025   RC46 .C423 CEC SLM00002597 01/29/2025 3 01/29/2025 Books
    Library of Congress Classification     Non-fiction Science Library (Miotso) Science Library (Miotso) General stacks 01/29/2025   RC46 .C423 CEC SLM00002598 01/29/2025 4 01/29/2025 Books
© 2023-2024 Copyright: Central University Libraries. All Rights Reserved | Created by: Mahone Tech Office